000 00504nam a2200121Ia 4500
008 220615s9999||||xx |||||||||||||| ||und||
245 0 _aChapter 18 Youth Activism and Political Parties
546 _aEnglish[eng]
650 _aYouth activism, political parties, political generations, social change, Middle East, North Africa
700 _aCavatorta, Francesco||Storm, Lise||Resta, Valeria
856 _uhttps://library.oapen.org/bitstream/20.500.12657/49720/1/9780429269219_oachapter18.pdf
942 _cEB
999 _c14686
_d14686